|
|
|
|
| LEADER |
00000naa2a2200000 4500 |
| 001 |
422307 |
| 005 |
20231101073741.0 |
| 035 |
|
|
|a (RuTPU)RU\TPU\prd\80137
|
| 035 |
|
|
|a RU\TPU\prd\4621
|
| 090 |
|
|
|a 422307
|
| 100 |
|
|
|a 20100409a2002 k y0rusy50 ca
|
| 101 |
0 |
|
|a rus
|
| 102 |
|
|
|a RU
|
| 200 |
1 |
|
|a Влияние ударного нагружения в [b]-фазе монокристаллов сплава Cu-Al-Ni на их упругие и неупругие характеристики, измеряемые на частоте 5 MHz
|f Н. П. Кобелев, Я. М. Сойфер, А. Ф. Гуров и др.
|
| 225 |
1 |
|
|a Дефекты. Дислокации. Физика прочности
|
| 320 |
|
|
|a Библиогр.: 14 назв.
|
| 461 |
|
1 |
|0 (RuTPU)RU\TPU\prd\409
|x 0367-3294
|t Физика твердого тела
|f Российская академия наук ; Физико-технический институт им. А. Ф. Иоффе
|d 1959-
|
| 463 |
|
1 |
|0 (RuTPU)RU\TPU\prd\80123
|t Т. 44, № 1
|v с. 78-82
|d 2002
|
| 610 |
1 |
|
|a ударное нагружение
|
| 610 |
1 |
|
|a монокристаллы
|
| 610 |
1 |
|
|a внутреннее трение
|
| 610 |
1 |
|
|a скорость ультрозвука
|
| 610 |
1 |
|
|a диапазон температур
|
| 610 |
1 |
|
|a термоупругость
|
| 610 |
1 |
|
|a мартенсивность
|
| 610 |
1 |
|
|a упругость
|
| 610 |
1 |
|
|a сплавы меди
|
| 701 |
|
1 |
|a Кобелев
|b Н. П.
|
| 701 |
|
1 |
|a Сойфер
|b Я. М.
|
| 701 |
|
1 |
|a Гуров
|b А. Ф.
|
| 701 |
|
1 |
|a Никаноров
|b С. П.
|
| 701 |
|
1 |
|a Синани
|b А. Б.
|
| 701 |
|
1 |
|a Batist
|b R. De
|
| 701 |
|
1 |
|a Humbeeck
|b J. Van
|
| 801 |
|
1 |
|a RU
|b 63413507
|c 20020611
|g PSBO
|
| 801 |
|
2 |
|a RU
|b 63413507
|c 20100409
|g PSBO
|
| 942 |
|
|
|c BK
|